000 00575nam a2200193Ia 4500
005 20260429112335.0
008 260429s9999||||xx |||||||||||||| ||und||
020 _a9788171787357
041 _aHindi
082 _a891.434
_bYAY
100 _aयायावर, भारत
245 0 _aरेणु रचनावाली /
_cभारत यायावर
250 _a4th rev
260 _aनई दिल्ली :
_bराजकमल प्रकाशन,
_c2012.
300 _a557 p.; hb
440 _vVol. 4
650 _aHindi essays
942 _cTB
999 _c53586
_d53586